000 00356nam a2200157Ia 4500
001 3954
003 IN-NITTTR
005 20251114232953.0
008 251113s9999||||xx |||||||||||||| ||eng||
040 _beng
040 _cIN-NITTTR
041 _aeng
082 _a621.38154 K126H
245 0 _aHandbook of instrumentation and controls. /
942 _2ddc
_cBK
999 _c6348
_d6348